000 00299nam a22001337a 4500
008 170815b xxu||||| |||| 00| 0 eng d
020 _a9780435083298
041 _aeng
080 _a51
100 _a36
101 _aMAT
245 _aWRITING TO LEARN MATHEMATICS
_cCOUNTRYMAN,J
942 _2udc
_cBK
999 _c23569
_d23569